| 000 | 00685nam a2200265Ia 4500 | ||
|---|---|---|---|
| 008 | 170203s9999 xx 000 0 und d | ||
| 020 | _a158717183x | ||
| 050 | _aFic | ||
| 050 | _bK93t | ||
| 100 | _aKroll, Steven. | ||
| 245 | _aThat makes mad! / | ||
| 245 | _cby Steven Kroll ; illustrated by Christine Davenier. | ||
| 260 | _aNew York : | ||
| 260 | _bSeaStar Books, | ||
| 260 | _c©2002. | ||
| 300 | _a1 volume (unpaged) : | ||
| 300 | _bcolor illustrations ; | ||
| 300 | _c24 cm | ||
| 650 | _aAnger -- | ||
| 650 | _aAnger. | ||
| 650 | _aBehavior. | ||
| 650 | _aParent and child. | ||
| 650 | _xJuvenile literature. | ||
| 700 | _aDavenier, Christine, ill. | ||
| 999 |
_c306628 _d306628 |
||